Ani salva a la perra Laika /

Guardado en:
Autor Principal: Shua, Ana María.
Otros Autores: Nine, Lucas; il.
Formato: Libro
Publicado: Buenos Aires : Sudamericana, 2003.
Edición:8a ed.
Series:Pan Flauta. Magenta. Aventuras / Gigliola Zecchin de Duhalde ; 38
Materias:
Etiquetas: Agregar Etiqueta
Sin Etiquetas, Sea el primero en etiquetar este registro!
LEADER 00909nam a22002655a 4500
001 CEM.cems019853
008 221110s2003##################000#0#####d
005 20221110104110.0
245 1 0 |a Ani salva a la perra Laika /  |c Ana María Shua; ilustrado por Lucas Nine. 
250 |a 8a ed. 
260 |a Buenos Aires :  |b Sudamericana,  |c 2003. 
300 |a 64 p. 
490 0 |a Pan Flauta. Magenta. Aventuras / Gigliola Zecchin de Duhalde ;  |v 38 
500 |a Canela seudónimo de Gigliola Zecchin de Duhalde. 
505 0 |a Ani salva a la perra Laika -- Ani en la cordillera de los Andes 
020 |a 9500711818 
100 1 |a Shua, Ana María. 
700 1 |a Nine, Lucas; il. 
082 0 4 |a A868.4 
653 |a Literatura 
653 |a Literatura Argentina 
653 |a Literatura infantil 
653 |a Cuentos 
653 |a Cuento infantil 
859 |a CEMS  |b BIB. CEMS - Inicial y Primaria  |h A868.4  |i Sh91-6  |k IP  |p 1394  |t Ej.1